Llwytho...

Social research methodology: A critical introduction

Manylion Llyfryddiaeth
Prif Awdur: Gomm, Roger
Fformat: Printed Book
Cyhoeddwyd: Palgrave Macmillan 2004
Pynciau:
LEADER 00585nam a2200193 4500
020 |a 333637283  |c P19.99 
082 |a R 001.42 GOM 
100 |a Gomm, Roger 
245 |a Social research methodology: A critical introduction  |c Gomm, Roger 
250
260 |a Palgrave Macmillan  |c 2004 
300 |a 345 p 
490
500
590 |a Modern Book Centre  |b WCD1951/03;16/12/03 
650 |a Research methodology 
942 |c BK 
999 |c 137679  |d 137679 
952 |0 0  |1 0  |4 0  |6 R_001_420000000000000_GOM  |7 0  |9 151139  |a IMK  |b IMK  |g 0.00  |l 0  |o R 001.42 GOM  |p IMK04685  |r 2019-10-25  |w 2019-10-25  |y BK